LEADER 01407nam a2200253 i 4500 001 000000129216 003 CaOOAMICUS 005 20120607105639.0 008 120606s1994 wau m u000 u eng c 040 $aUPS$bita$dPUL 100 1 $aPfnausch, Edward G.$0(OLS)http://pul/name/23729 245 14$aThe relationship between ministry and holiness in the life of the diocesan priest :$ban interpretation of canon 276 , section 2, 1 of the 1983 Code of canon law /$cPfnausch, Edward George. 260 $aWashington, D.C. :$bThe Catholic University of America,$c1994$e(Ann Arbor, Michighan :$fUMI Dissertation Service,$g1999) 300 $aiv, 209 p.$c21 cm 500 $aEdizione facsimilare da Tesi dattiloscritta. 502 $aTesi --The Catholic University of America. Canon Law Studies n. 543, 1994. 504 $aBibliografia: p. 198-208. 630 04$aCodex iuris canonici (1983). $nCanon 276.$0(OLS)http://pul/subject/38728 850 $aPUL 852 $aPUL$W1$xDP1 Tesi Univ. Washington$y50$mTH WAS 543$j149626$qTesi$B148150$CPULBib$Z2$F148150 $82 941 1 $a16 996 $6245$aThe relationship between ministry and holiness in the life of the diocesan priest :$ban interpretation of canon 276 , section 2, 1 of the 1983 Code of canon law$9(OLS)http://pul/title/163297 996 $6260$aWashington, D.C. :$bThe Catholic University of America$9(OLS)http://pul/publisher/62694 LEADER 01659nam a2200337 a 4500 001 000000176649 003 CaOOAMICUS 005 20240215160734.0 008 240215t2019 it u000 u ita r 020 $a978-88-284-0525-2* 032 $aLibriCat 040 $aPUL$bita 245 00$aParlare col cuore :$bcommenti al messaggio di Papa Francesco per la 57a Giornata mondiale delle comunicazioni sociali : con una sezione di schede operative /$cVincenzo Corrado, Pier Cesare Rivoltella (eds.) 260 $a[Brescia] :$bScholé,$c©2023. 300 $a219 p. ;$c20 cm 490 1 $aOrso blu$a ;$v231 500 $aInclude indice. 500 $aL'editrice Scholé č un marchio dell'editrice Morcelliana. 504 $aBibliografia in nota. 600 04$aFranciscus PP.,$d1936-2025$xComunicazione.$0(OLS)http://pul/subject/45542 650 4$aChiesa e mass media.$0(OLS)http://pul/subject/40351 700 1 $aCorrado, Vincenzo,$d1976-$0(OLS)http://pul/name/112675 700 1 $aRivoltella, Pier Cesare,$d1964-$0(OLS)http://pul/name/40424 830 0$aOrso blu ;$v231.$0(OLS)http://pul/title/159917 850 $aPUL 852 $aPUL$W1$xSL Religione 3$y85$m282. 092 FRANC 23$j200651$qDDC 21$B205604$CPULBib$Z2$F205604 $H136630 $82 941 1 $a9 996 $6020$a978-88-284-0525-2*$9(OLS)http://pul/number/169559 996 $6245$aParlare col cuore :$bcommenti al messaggio di Papa Francesco per la 57a Giornata mondiale delle comunicazioni sociali : con una sezione di schede operative$9(OLS)http://pul/title/218132 996 $6260$a[Brescia] :$bScholé$9(OLS)http://pul/publisher/87163